[Event "1. OEsterreichische Internet Schach Meisterschaft - Vorrunde 1"]
[Site "Online - Playchess.com"]
[Date ""]
[Round "3"]
[Board "45"]
[White "Guetz, Wolfgang"]
[Black "Kapferer, Romed"]
[Result "1/2-1/2"]
[WhiteElo "2078"]
[BlackElo "2081"]
[PlyCount "223"]
[EventDate "2020.04.11"]
[EventRounds "9"]
[EventCountry "AUT"]

1. e4 c6 2. d4 d5 3. f3 e6 4. Nc3 Nf6 5. e5 Nfd7 6. f4 c5 7. Nce2 Nc6 8. c3 Qb6
9. Nf3 cxd4 10. cxd4 Bb4+ 11. Bd2 O-O 12. a3 Be7 13. Bc3 Na5 14. Ng3 a6 15. Bd3
Nc4 16. Bxc4 dxc4 17. O-O Nb8 18. Kh1 Nc6 19. Ne4 Rd8 20. Qe2 Qb5 21. Rad1 b6
22. Nfd2 Nxd4 23. Qxc4 Nf5 24. Qxb5 axb5 25. Nf3 Ne3 26. Rxd8+ Bxd8 27. Re1 Nd5
28. Bd4 Nxf4 29. Nd6 Bd7 30. Nd2 b4 31. axb4 Ra2 32. g3 Nd5 33. Rf1 f6 34. exf6
Bxf6 35. Bxf6 Nxf6 36. N2c4 b5 37. Ne5 Rxb2 38. Rxf6 gxf6 39. Nxd7 Kg7 40. Nxb5
Rxb4 41. Nc3 Rd4 42. Nc5 Kf7 43. Kg2 Rc4 44. N5e4 Rb4 45. Kf3 h5 46. Ne2 Rb3+
47. Kf2 f5 48. Ng5+ Kf6 49. Nf3 e5 50. Nd2 Rb2 51. Ke3 Ra2 52. Nc3 Ra3 53. Kd3
Ra8 54. Ke2 Rd8 55. Nf3 e4 56. Nd2 Ke5 57. Nd1 Ra8 58. Ne3 Ra2 59. Nec4+ Kf6
60. Nd6 Kg5 61. Ke3 Ra3+ 62. Ke2 Kg4 63. Nf1 Ra5 64. Ke3 Kh3 65. Kf2 Ra2+ 66.
Kg1 Ra5 67. Nc4 Rc5 68. Nce3 h4 69. gxh4 Kxh4 70. Kg2 Kg5 71. Kf2 f4 72. Ng2
Rc2+ 73. Kg1 Ra2 74. Ne1 Kg4 75. Ng2 Ra1 76. Kf2 Ra2+ 77. Kg1 e3 78. Ngxe3+
fxe3 79. Nxe3+ Kf3 80. Nf1 Ra1 81. h4 Rb1 82. h5 Rb5 83. h6 Rh5 84. Nh2+ Kg3
85. Nf1+ Kf4 86. Kf2 Rxh6 87. Ke2 Re6+ 88. Kd2 Rd6+ 89. Ke2 Rd8 90. Kf2 Rd1 91.
Ke2 Rd8 92. Kf2 Rf8 93. Ke2 Ke4 94. Nd2+ Kd4 95. Nf3+ Kc3 96. Ke3 Re8+ 97. Kf4
Kd3 98. Ne5+ Kd2 99. Nf3+ Ke2 100. Ne5 Rf8+ 101. Ke4 Re8 102. Kd4 Kd2 103. Nf3+
Kc2 104. Ne5 Rd8+ 105. Ke4 Ra8 106. Kd4 Ra4+ 107. Kd5 Kc3 108. Ke6 Ra5 109. Kf6
Kd2 110. Ke6 Ke3 111. Nc4+ Ke4 112. Nxa5  1/2-1/2

[Event "1. OEsterreichische Internet Schach Meisterschaft - Vorrunde 1"]
[Site "Online - Playchess.com"]
[Date ""]
[Round "3"]
[Board "46"]
[White "Moerwald, Magdalena"]
[Black "Moritz, Christian"]
[Result "1/2-1/2"]
[WhiteElo "1791"]
[BlackElo "2077"]
[PlyCount "218"]
[EventDate "2020.04.11"]
[EventRounds "9"]
[EventCountry "AUT"]

1. e4 e6 2. d4 d5 3. Bd3 c5 4. dxc5 Bxc5 5. exd5 exd5 6. Nf3 Bg4 7. O-O Ne7 8.
h3 Bh5 9. Nbd2 Nbc6 10. c3 Qc7 11. Qc2 Bg6 12. Bxg6 hxg6 13. Nb3 Bd6 14. Nbd4
a6 15. Re1 O-O 16. Bg5 Rfe8 17. Bxe7 Nxe7 18. Re2 Nc6 19. Rae1 Rxe2 20. Rxe2
Qd7 21. Nxc6 bxc6 22. Nd4 c5 23. Nf3 Re8 24. Qd3 Rxe2 25. Qxe2 Qb5 26. Qd2 Qc4
27. b3 Qe4 28. Ng5 Qe5 29. Nf3 Qf5 30. Qe1 Qf4 31. Qd2 Qxd2 32. Nxd2 f5 33. Kf1
Kf7 34. Ke2 Kf6 35. Nf3 g5 36. Kd3 g4 37. hxg4 fxg4 38. Ne1 Kf5 39. Nc2 a5 40.
Ne3+ Ke6 41. Nxg4 a4 42. bxa4 Bc7 43. Ne3 c4+ 44. Kd2 Bb6 45. f3 Ke5 46. g3 g5
47. Ng4+ Ke6 48. Ne3 Bc7 49. g4 Bf4 50. Ke2 Kd6 51. Nf5+ Kc5 52. Ne7 Bc1 53. a5
Kb5 54. Nxd5 Kxa5 55. Ne3 Kb5 56. a4+ Kxa4 57. Nxc4 Kb3 58. Kd3 Bf4 59. Ne3 Ka4
60. Nd5 Bg3 61. c4 Ka5 62. Nf6 Kb6 63. Ne4 Bf4 64. c5+ Kc6 65. Kc4 Be3 66. Kd3
Bf4 67. Kd4 Bc1 68. Nd6 Bb2+ 69. Kc4 Be5 70. Nf7 Bf4 71. Kd4 Bc1 72. Ke4 Kxc5
73. Kf5 Kd5 74. Nxg5 Kd6 75. Ne4+ Ke7 76. g5 Kf7 77. g6+ Kg7 78. Ng5 Bb2 79.
Ne6+ Kg8 80. Kg5 Bc3 81. f4 Bd2 82. Kf6 Bc3+ 83. Kf5 Bb2 84. Kg4 Bc3 85. f5 Bb2
86. Nc5 Kg7 87. Ne4 Bc1 88. Kh5 Bb2 89. Nc5 Bc3 90. Ne6+ Kf6 91. Kg4 Bb2 92. g7
Kf7 93. Kg5 Bxg7 94. Nxg7 Kxg7 95. f6+ Kf7 96. Kf5 Kf8 97. Ke5 Kf7 98. Kf5 Kf8
99. Kg6 Kg8 100. Kh6 Kf7 101. Kg5 Kf8 102. Kf5 Kf7 103. Ke5 Kf8 104. Kd6 Kf7
105. Ke5 Kf8 106. Ke6 Ke8 107. Kf5 Kf7 108. Kg5 Kf8 109. Kf5 Kf7  1/2-1/2

[Event "1. OEsterreichische Internet Schach Meisterschaft - Vorrunde 1"]
[Site "Online - Playchess.com"]
[Date ""]
[Round "3"]
[Board "47"]
[White "Teuschler, Hugo"]
[Black "Rosol, Philip"]
[Result "1/2-1/2"]
[WhiteElo "2055"]
[BlackElo "1468"]
[PlyCount "26"]
[EventDate "2020.04.11"]
[EventRounds "9"]
[EventCountry "AUT"]

1. e4 d6 2. d4 Nf6 3. Nc3 e5 4. Nf3 Nbd7 5. g3 Be7 6. Bg2 c6 7. O-O Qc7 8. a4
a5 9. h3 O-O 10. Be3 h6 11. Qd2 Re8 12. Rad1 Nf8 13. Nh4 N8h7  1/2-1/2

[Event "1. OEsterreichische Internet Schach Meisterschaft - Vorrunde 1"]
[Site "Online - Playchess.com"]
[Date ""]
[Round "3"]
[Board "48"]
[White "Kessler, Manuel"]
[Black "Schwabeneder, Alois"]
[Result "0-1"]
[WhiteElo "1731"]
[BlackElo "2004"]
[PlyCount "62"]
[EventDate "2020.04.11"]
[EventRounds "9"]
[EventCountry "AUT"]

1. d4 Nf6 2. c4 c5 3. d5 b5 4. cxb5 a6 5. bxa6 Bxa6 6. Nc3 g6 7. e4 d6 8. Bxa6
Nxa6 9. Nge2 Bg7 10. O-O O-O 11. a4 Nb4 12. Nb5 Nxe4 13. Qb3 Nf6 14. Bd2 Nbxd5
15. Nec3 Nxc3 16. Bxc3 e6 17. Rad1 d5 18. Be5 c4 19. Qc2 Qa5 20. Ra1 Ne4 21.
Bxg7 Kxg7 22. f3 Nd2 23. Rfd1 Nb3 24. Qc3+ Kg8 25. Qxa5 Rxa5 26. Ra3 Rb8 27.
Nd4 Nxd4 28. Rxd4 Rxb2 29. h3 Rb3 30. Ra2 Rb4 31. Kh2 Rbxa4  0-1

[Event "1. OEsterreichische Internet Schach Meisterschaft - Vorrunde 1"]
[Site "Online - Playchess.com"]
[Date ""]
[Round "3"]
[Board "49"]
[White "Holzleithner, Johannes"]
[Black "Soelkner, Julian"]
[Result "0-1"]
[WhiteElo "1979"]
[BlackElo "1484"]
[PlyCount "126"]
[EventDate "2020.04.11"]
[EventRounds "9"]
[EventCountry "AUT"]

1. e4 c6 2. d4 d5 3. Nd2 Nf6 4. e5 Nfd7 5. Bd3 e6 6. c3 c5 7. Ne2 Nc6 8. Nf3 c4
9. Bc2 b5 10. O-O Be7 11. Qd2 Bb7 12. Qf4 Qc7 13. Qg3 g6 14. Bh6 O-O-O 15. b3
Bf8 16. Bxf8 Rdxf8 17. Rfb1 h5 18. bxc4 bxc4 19. a4 Na5 20. Rb5 Bc6 21. Rb4 Nb6
22. Ng5 h4 23. Qe3 Qe7 24. Rab1 Kc7 25. f4 Rb8 26. h3 Bd7 27. Kh2 f6 28. exf6
Qxf6 29. Qe5+ Qxe5 30. dxe5 Rhf8 31. Nd4 Rbe8 32. Rf1 Nc6 33. Nxc6 Kxc6 34. a5
Nc8 35. Bxg6 Re7 36. Rfb1 Rg7 37. Bh5 Rxf4 38. Nf3 Re4 39. Nd4+ Kc7 40. Rb7+
Kd8 41. Rb8 Rxe5 42. Bg4 Ke7 43. R1b7 Kd6 44. Rxd7+ Kxd7 45. Rb7+ Kd6 46. Rxg7
Ne7 47. Nb5+ Kd7 48. Rh7 d4 49. cxd4 Rxb5 50. Rxh4 Rxa5 51. Rh6 Ra6 52. Rf6 c3
53. Rf2 Rc6 54. Rc2 Nd5 55. Bf3 Kd6 56. Bxd5 Kxd5 57. h4 Kxd4 58. h5 Kd3 59.
Rc1 Kd2 60. Ra1 c2 61. h6 c1=Q 62. Rxc1 Rxc1 63. h7 Rc8  0-1

[Event "1. OEsterreichische Internet Schach Meisterschaft - Vorrunde 1"]
[Site "Online - Playchess.com"]
[Date ""]
[Round "3"]
[Board "50"]
[White "Hofstadler, Mario"]
[Black "Schneider-Zinner, Werner"]
[Result "1-0"]
[WhiteElo "1867"]
[BlackElo "1967"]
[PlyCount "113"]
[EventDate "2020.04.11"]
[EventRounds "9"]
[EventCountry "AUT"]

1. d4 Nf6 2. Bg5 g6 3. Bxf6 exf6 4. e3 Bg7 5. g3 O-O 6. Bg2 d5 7. Ne2 f5 8. O-O
c6 9. Nd2 b6 10. c4 Ba6 11. Rc1 Qd6 12. Re1 dxc4 13. Nxc4 Bxc4 14. Rxc4 Rc8 15.
Qc2 Nd7 16. Rxc6 Rxc6 17. Qxc6 Qxc6 18. Bxc6 Rd8 19. Bxd7 Rxd7 20. Rc1 Bf6 21.
Nf4 Kg7 22. h4 Be7 23. Kf1 Bd6 24. Nd3 Be7 25. Ke2 h5 26. Ne5 Rb7 27. Kd3 Bd6
28. Nc4 Be7 29. a3 Kf6 30. b4 g5 31. hxg5+ Kxg5 32. Ne5 f6 33. Nc6 Bd6 34. Kc4
a6 35. Kd5 Bc7 36. Ke6 Kg4 37. Rc2 Kg5 38. Rc1 Kg6 39. d5 b5 40. d6 Bb6 41. d7
Kg5 42. d8=Q Bxd8 43. Nxd8 Rb6+ 44. Kd5 Kg4 45. Rc2 Kf3 46. Ne6 h4 47. gxh4 Kg4
48. Nf4 Kxh4 49. Ne2 Kg4 50. Nd4 Rb8 51. Rc6 Rd8+ 52. Rd6 Ra8 53. Rxf6 Rh8 54.
Rxf5 Rd8+ 55. Kc5 Rxd4 56. exd4 Kxf5 57. Kb6 {WernerSZ resigns}  1-0

[Event "1. OEsterreichische Internet Schach Meisterschaft - Vorrunde 1"]
[Site "Online - Playchess.com"]
[Date ""]
[Round "3"]
[Board "51"]
[White "Gugler, Giorgio"]
[Black "Schwarz, Christian"]
[Result "0-1"]
[WhiteElo "1405"]
[BlackElo "1948"]
[PlyCount "58"]
[EventDate "2020.04.11"]
[EventRounds "9"]
[EventCountry "AUT"]

1. e4 c5 2. Bc4 Nc6 3. f4 e6 4. Nf3 d5 5. exd5 exd5 6. Bb5 Nf6 7. O-O Be7 8.
Ne5 Bd7 9. Nxd7 Qxd7 10. Re1 O-O 11. d3 Rfe8 12. Nc3 Rac8 13. Ba4 a6 14. a3 b5
15. Bb3 Nd4 16. Ba2 c4 17. dxc4 dxc4 18. Be3 Nf5 19. Qxd7 Nxd7 20. Bf2 Nf6 21.
Rad1 Ng4 22. Bb6 Bf8 23. Rxe8 Rxe8 24. Nd5 Re2 25. Bb1 h5 26. b4 Nh4 27. c3
Rxg2+ 28. Kf1 Nxh2+ 29. Ke1 N4f3#  0-1

[Event "1. OEsterreichische Internet Schach Meisterschaft - Vorrunde 1"]
[Site "Online - Playchess.com"]
[Date ""]
[Round "3"]
[Board "52"]
[White "Schroettner, Martin"]
[Black "Kienboeck, Samuel"]
[Result "1-0"]
[WhiteElo "1934"]
[BlackElo "1056"]
[PlyCount "95"]
[EventDate "2020.04.11"]
[EventRounds "9"]
[EventCountry "AUT"]

1. Nf3 Nc6 2. d4 d5 3. Bf4 Nf6 4. e3 Bg4 5. Be2 Ne4 6. O-O h6 7. Nfd2 g5 8.
Nxe4 dxe4 9. Bxg4 gxf4 10. Nc3 fxe3 11. fxe3 h5 12. Bh3 e6 13. Nxe4 f5 14. Nd2
Qg5 15. Qf3 O-O-O 16. a3 Bd6 17. Nc4 f4 18. Nxd6+ Rxd6 19. Qxf4 Qxf4 20. Rxf4
Kb8 21. Raf1 e5 22. Rf8+ Rxf8 23. Rxf8+ Rd8 24. Rxd8+ Nxd8 25. Kf2 exd4 26.
exd4 Nc6 27. c3 b5 28. Kg3 Na5 29. Kh4 Nc4 30. Be6 Nxb2 31. Bb3 Nd3 32. Kxh5
Nf4+ 33. Kg5 Nxg2 34. h4 Ne3 35. h5 a5 36. h6 a4 37. Bf7 Kc8 38. h7 Kd7 39.
h8=Q c6 40. Qe8+ Kc7 41. Qxe3 Kb6 42. Be8 b4 43. cxb4 c5 44. dxc5+ Ka6 45. Qd3+
Kb7 46. Qd5+ Ka6 47. b5+ Ka5 48. Qd8#  1-0

[Event "1. OEsterreichische Internet Schach Meisterschaft - Vorrunde 1"]
[Site "Online - Playchess.com"]
[Date ""]
[Round "3"]
[Board "53"]
[White "Rosol, Alexander"]
[Black "Hofer, Martin"]
[Result "1-0"]
[WhiteElo "1933"]
[BlackElo "1603"]
[PlyCount "117"]
[EventDate "2020.04.11"]
[EventRounds "9"]
[EventCountry "AUT"]

1. e4 d5 2. exd5 Nf6 3. d4 Nxd5 4. Nf3 Bg4 5. Be2 Nc6 6. c4 Nf6 7. Be3 e6 8.
O-O Be7 9. h3 Bh5 10. Nc3 O-O 11. Ne5 Bxe2 12. Qxe2 Nxe5 13. dxe5 Nd7 14. Rfd1
Qe8 15. Nb5 Qb8 16. f4 Nc5 17. b4 Na6 18. a3 c6 19. Nd6 Rd8 20. c5 b6 21. Rab1
b5 22. Qg4 Nc7 23. f5 Nd5 24. Bh6 g6 25. fxe6 f6 26. exf6 Nxf6 27. Qh4 Nd5 28.
Qf2 Nf6 29. Ne4 Qe5 30. Nxf6+ Bxf6 31. Rf1 Qd4 32. Be3 Qe5 33. Qxf6 Qxe3+ 34.
Kh1 Rf8 35. Qe7 Rae8 36. Rxf8+ Rxf8 37. Qd7 Qe4 38. Rg1 Qd5 39. Qxd5 cxd5 40.
Rd1 Re8 41. Rxd5 Rxe6 42. Rd7 Ra6 43. Rb7 Rxa3 44. Rxb5 Ra6 45. Kh2 Kg7 46. Kg3
Kf6 47. Ra5 Rxa5 48. bxa5 Ke6 49. Kf4 Kd5 50. Kg5 Kxc5 51. Kh6 g5 52. Kxh7 Kb5
53. Kg6 Kxa5 54. Kxg5 Kb4 55. h4 a5 56. h5 a4 57. h6 a3 58. h7 a2 59. h8=Q {
Homawog gibt auf}  1-0

[Event "1. OEsterreichische Internet Schach Meisterschaft - Vorrunde 1"]
[Site "Online - Playchess.com"]
[Date ""]
[Round "3"]
[Board "54"]
[White "Kwech, Andreas"]
[Black "Kratochwill, Christian"]
[Result "1-0"]
[WhiteElo "1901"]
[BlackElo "1717"]
[PlyCount "127"]
[EventDate "2020.04.11"]
[EventRounds "9"]
[EventCountry "AUT"]

1. e4 c5 2. Nf3 Nc6 3. c3 e6 4. d4 d5 5. e5 cxd4 6. cxd4 Qb6 7. a3 h6 8. b4
Nge7 9. Nc3 a6 10. Be3 Nf5 11. Be2 Be7 12. O-O O-O 13. Bd3 Nxe3 14. fxe3 f6 15.
exf6 Bxf6 16. Qe2 Qd8 17. Rad1 b5 18. Bb1 Bb7 19. Qd3 Qd6 20. Qh7+ Kf7 21. Nh4
Rh8 22. Rxf6+ Kxf6 23. Rf1+ Ke7 24. Qxg7+ Kd8 25. Qxh8+ Kc7 26. Qg7+ Kb6 27.
Qg3 Qe7 28. Ng6 Qg7 29. Nf4 Qxg3 30. hxg3 e5 31. Nfxd5+ Ka7 32. Be4 exd4 33.
exd4 Nxd4 34. Rf7 Rb8 35. Ne7 Bxe4 36. Nxe4 Ka8 37. Nc5 Rd8 38. Kh2 Ne6 39.
Nxe6 Rd7 40. Rf8+ Ka7 41. Nf5 Rd5 42. Nc5 Kb6 43. Rf6+ Kc7 44. Rxh6 Rxf5 45.
Rxa6 Rh5+ 46. Kg1 Rd5 47. g4 Rd1+ 48. Kh2 Ra1 49. Kg3 Ra2 50. g5 Re2 51. g6 Re7
52. Kg4 Kb8 53. Kg5 Re2 54. g4 Rg2 55. g7 Rxg4+ 56. Kxg4 Kc7 57. Ra7+ Kb6 58.
Rf7 Kc6 59. g8=Q Kd5 60. Rf5+ Kd4 61. Qd5+ Kc3 62. Rf3+ Kb2 63. Qd2+ Kb1 64.
Rf1#  1-0

[Event "1. OEsterreichische Internet Schach Meisterschaft - Vorrunde 1"]
[Site "Online - Playchess.com"]
[Date ""]
[Round "3"]
[Board "55"]
[White "Astner, Klaus"]
[Black "Borrmann, Laurenz"]
[Result "0-1"]
[WhiteElo "1409"]
[BlackElo "1880"]
[PlyCount "148"]
[EventDate "2020.04.11"]
[EventRounds "9"]
[EventCountry "AUT"]

1. d4 Nf6 2. c4 g6 3. Nc3 d5 4. Nf3 Bg7 5. Bf4 O-O 6. e3 c5 7. cxd5 Nxd5 8.
Nxd5 Qxd5 9. b3 Nc6 10. Bc4 Qd7 11. O-O cxd4 12. exd4 Nxd4 13. Rb1 Nxf3+ 14.
Qxf3 e5 15. Be3 Qg4 16. Qxg4 Bxg4 17. h3 Bf5 18. Rbd1 Rfd8 19. Rxd8+ Rxd8 20.
a4 b6 21. Bg5 Rd4 22. Be3 Rd6 23. g4 Be6 24. Rc1 h6 25. Bxe6 fxe6 26. b4 a6 27.
b5 axb5 28. axb5 e4 29. Rc8+ Kf7 30. Rb8 Rd1+ 31. Kg2 Rb1 32. Rb7+ Kg8 33. Rxb6
Kf7 34. Rb7+ Kg8 35. b6 g5 36. Rb8+ Kh7 37. Re8 Be5 38. Rxe6 Bf4 39. Re7+ Kg6
40. Bd4 h5 41. Rg7+ Kh6 42. b7 hxg4 43. hxg4 e3 44. fxe3 Bxe3 45. Rd7 Bxd4 46.
Rxd4 Rxb7 47. Rd6+ Kg7 48. Kf3 Rb4 49. Rd7+ Kf6 50. Rd5 Rb3+ 51. Kg2 Ra3 52.
Rf5+ Kg6 53. Rc5 Ra4 54. Kg3 Kf6 55. Rf5+ Kg6 56. Rc5 Ra3+ 57. Kg2 Ra2+ 58. Kg3
Ra6 59. Rc3 Rd6 60. Rf3 Rd4 61. Ra3 Kf6 62. Ra6+ Ke5 63. Ra5+ Rd5 64. Rxd5+
Kxd5 65. Kf3 Kd4 66. Kg3 Ke4 67. Kg2 Kf4 68. Kh3 Kf3 69. Kh2 Kf4 70. Kg2 Kxg4
71. Kg1 Kg3 72. Kf1 Kh2 73. Kf2 g4 74. Kf1 g3 {ConteMamai gibt auf}  0-1

[Event "1. OEsterreichische Internet Schach Meisterschaft - Vorrunde 1"]
[Site "Online - Playchess.com"]
[Date ""]
[Round "3"]
[Board "56"]
[White "Janes, Christian"]
[Black "Schwarz, Benedikt"]
[Result "1/2-1/2"]
[WhiteElo "1740"]
[BlackElo "1815"]
[PlyCount "166"]
[EventDate "2020.04.11"]
[EventRounds "9"]
[EventCountry "AUT"]

1. e4 e6 2. Nf3 d5 3. exd5 exd5 4. d4 Nf6 5. Bd3 Be7 6. O-O O-O 7. Re1 Nc6 8.
c3 Bg4 9. Nbd2 Re8 10. h3 Bh5 11. Be2 Ne4 12. Nxe4 dxe4 13. Ne5 Nxe5 14. dxe5
Qxd1 15. Bxd1 Bxd1 16. Rxd1 Rad8 17. Be3 b6 18. b4 Rd3 19. Rac1 Red8 20. Rxd3
Rxd3 21. a3 Kf8 22. g4 f6 23. exf6 Bxf6 24. Bf4 c6 25. c4 Ke7 26. Re1 Rd4 27.
c5 bxc5 28. bxc5 Ke6 29. f3 Kd5 30. Bd6 exf3 31. Rb1 Rc4 32. Rd1+ Rd4 33. Rb1
Rd3 34. a4 Bd4+ 35. Kf1 Bxc5 36. Bxc5 Kxc5 37. Kf2 Ra3 38. Rb7 Rxa4 39. Kxf3
Ra3+ 40. Kg2 Kd4 41. Rxg7 c5 42. Rxh7 c4 43. Rd7+ Ke3 44. Re7+ Kf4 45. Rf7+ Kg5
46. Rf5+ Kg6 47. Rc5 c3 48. h4 Ra4 49. h5+ Kh6 50. Rxc3 Rxg4+ 51. Kh3 Kxh5 52.
Ra3 Rg7 53. Ra5+ Kg6 54. Kg4 Rf7 55. Ra6+ Kg7 56. Kg5 Kf8 57. Kg6 Ke8 58. Re6+
Re7 59. Ra6 Kd8 60. Kf6 Rb7 61. Rd6+ Kc7 62. Rd3 a5 63. Ra3 Rb5 64. Ke6 Rc5 65.
Ra4 Kb6 66. Kd6 Rc6+ 67. Kd5 Rc2 68. Ra1 Rb2 69. Kc4 Rc2+ 70. Kb3 Rc5 71. Rf1
Kb5 72. Rf8 a4+ 73. Ka3 Rc3+ 74. Kb2 Rb3+ 75. Ka2 Kb4 76. Rb8+ Kc3 77. Rc8+ Kd2
78. Rd8+ Kc2 79. Rc8+ Kd3 80. Rd8+ Kc4 81. Rc8+ Kd5 82. Ra8 Rb4 83. Ka3 Rc4
 1/2-1/2

[Event "1. OEsterreichische Internet Schach Meisterschaft - Vorrunde 1"]
[Site "Online - Playchess.com"]
[Date ""]
[Round "3"]
[Board "57"]
[White "Kuzmanovic, Zeljko"]
[Black "Guba, Viktor"]
[Result "1-0"]
[WhiteElo "1811"]
[BlackElo "1401"]
[PlyCount "107"]
[EventDate "2020.04.11"]
[EventRounds "9"]
[EventCountry "AUT"]

1. Nf3 Nf6 2. c4 g6 3. d4 Bg7 4. Nc3 O-O 5. g3 d6 6. Bg2 Nbd7 7. O-O e5 8. d5
Ne8 9. e4 f5 10. b4 b6 11. Ba3 Ndf6 12. Nd2 fxe4 13. Ndxe4 Nxe4 14. Nxe4 Nf6
15. c5 Nxe4 16. Bxe4 bxc5 17. bxc5 Bf5 18. Qd3 Bxe4 19. Qxe4 Qe7 20. cxd6 cxd6
21. Rac1 Rad8 22. Rc6 Rf6 23. f4 Qf7 24. Qc4 exf4 25. gxf4 Qd7 26. Kh1 Qg4 27.
Qe4 Qf5 28. Qxf5 gxf5 29. Re1 Rd7 30. Re6 Kf7 31. Rxf6+ Bxf6 32. Bxd6 Rb7 33.
Rc7+ Rxc7 34. Bxc7 Ke7 35. Kg2 Kd7 36. Be5 Be7 37. Kf3 Bc5 38. Ke2 Be7 39. Kd3
Bc5 40. Kc4 Be7 41. Kb5 Bd8 42. d6 a5 43. Kc5 Bh4 44. Kd5 Bf2 45. Bf6 Bg1 46.
h3 Bh2 47. Ke5 Bg3 48. Be7 Bf2 49. Kxf5 Bc5 50. Kg5 Bxd6 51. Bxd6 Kxd6 52. Kf6
Kd7 53. f5 Ke8 54. Kg7 {Viktor09 gibt auf}  1-0

[Event "1. OEsterreichische Internet Schach Meisterschaft - Vorrunde 1"]
[Site "Online - Playchess.com"]
[Date ""]
[Round "3"]
[Board "58"]
[White "Galler, Alexander"]
[Black "Pedevilla, Luis"]
[Result "1-0"]
[WhiteElo "1772"]
[BlackElo "1650"]
[PlyCount "125"]
[EventDate "2020.04.11"]
[EventRounds "9"]
[EventCountry "AUT"]

1. e4 c5 2. Nc3 Nc6 3. f4 g6 4. Nf3 Bg7 5. Bb5 e6 6. O-O Nge7 7. Qe1 a6 8. Bxc6
bxc6 9. d3 d5 10. e5 Nf5 11. g4 Nd4 12. Nxd4 cxd4 13. Ne2 c5 14. Qg3 h5 15. g5
a5 16. h4 a4 17. Bd2 a3 18. b3 Bb7 19. Rac1 Qc7 20. c3 dxc3 21. Nxc3 Qc6 22.
Na4 d4 23. Rxc5 Qh1+ 24. Kf2 Qf3+ 25. Qxf3 Bxf3 26. Kxf3 Bf8 27. Rc7 Be7 28.
Rfc1 Bd8 29. Rb7 O-O 30. Bb4 Re8 31. Bxa3 Ba5 32. Rc6 Bc3 33. Rcc7 Rf8 34. Bxf8
Rxf8 35. Nc5 Ba5 36. Rd7 Bd8 37. b4 f6 38. gxf6 Bxf6 39. exf6 Rxf6 40. Rg7+ Kf8
41. Rgc7 Kg8 42. Rb8+ Rf8 43. Rxf8+ Kxf8 44. Nxe6+ Ke8 45. Nxd4 Kd8 46. Rg7 Ke8
47. Rxg6 Kf7 48. Rg5 Kf6 49. Rxh5 Kg6 50. Rg5+ Kh6 51. b5 Kh7 52. b6 Kh6 53. a4
Kh7 54. a5 Kh6 55. a6 Kh7 56. a7 Kh6 57. b7 Kh7 58. Rc5 Kg6 59. a8=Q Kf6 60.
b8=Q Kg6 61. Qa6+ Kh7 62. Qbb7+ Kh8 63. Rc8#  1-0

[Event "1. OEsterreichische Internet Schach Meisterschaft - Vorrunde 1"]
[Site "Online - Playchess.com"]
[Date ""]
[Round "3"]
[Board "59"]
[White "Kozissnik, Christian"]
[Black "Friedl, Markus"]
[Result "1/2-1/2"]
[WhiteElo "2023"]
[BlackElo "1857"]
[PlyCount "149"]
[EventDate "2020.04.11"]
[EventRounds "9"]
[EventCountry "AUT"]

1. d4 d5 2. Nf3 e6 3. g3 Nf6 4. Bg2 Be7 5. O-O O-O 6. b3 c6 7. Bb2 Nbd7 8. Nbd2
h6 9. a3 c5 10. c4 cxd4 11. Nxd4 Nb6 12. cxd5 Nbxd5 13. e4 Nb6 14. Rc1 Rb8 15.
Qe2 Bd7 16. Rc2 a6 17. Rfc1 e5 18. Nf5 Bxf5 19. exf5 Bd6 20. Ne4 Nxe4 21. Qxe4
Qe7 22. b4 Rfe8 23. Rd1 Nd7 24. Rcd2 Nf6 25. Qe2 Bc7 26. Qc4 Bb6 27. Rd6 Ba7
28. b5 axb5 29. Qxb5 Bd4 30. Bxd4 Qxd6 31. Qd3 exd4 32. h3 Red8 33. g4 b6 34.
a4 Qc5 35. Bf3 Qc3 36. Be2 Qxd3 37. Bxd3 Nd5 38. Bc4 Nc3 39. Rd3 Ne2+ 40. Kf1
Nf4 41. Rf3 Nd5 42. Ke2 Re8+ 43. Kd2 Nc3 44. Rf4 Rbd8 45. Bd3 Nxa4 46. Bb5 Nc5
47. Bxe8 Rxe8 48. Rxd4 Ne4+ 49. Kc2 Nxf2 50. h4 Re2+ 51. Kc3 Ne4+ 52. Kd3 Ng3
53. Rd8+ Kh7 54. Rd7 Rf2 55. Rxf7 Rf4 56. Ke3 Rxg4 57. Kf3 h5 58. f6 Kg6 59.
Rxg7+ Kxf6 60. Rb7 Nf5 61. Rxb6+ Kg7 62. Rb7+ Kh6 63. Rb6+ Rg6 64. Rb5 Nxh4+
65. Kf2 Ng2 66. Rc5 Nf4 67. Rb5 Nd3+ 68. Kf3 h4 69. Rb3 Ne5+ 70. Kf2 h3 71.
Rxh3+ Kg7 72. Ra3 Rf6+ 73. Kg2 Rg6+ 74. Rg3 Rxg3+ 75. Kxg3  1/2-1/2

[Event "1. OEsterreichische Internet Schach Meisterschaft - Vorrunde 1"]
[Site "Online - Playchess.com"]
[Date ""]
[Round "3"]
[Board "60"]
[White "Weichhart, Daniel"]
[Black "Lohr, Thomas"]
[Result "1-0"]
[WhiteElo "1648"]
[BlackElo "1203"]
[PlyCount "87"]
[EventDate "2020.04.11"]
[EventRounds "9"]
[EventCountry "AUT"]

1. e4 e5 2. Nf3 Nc6 3. Bb5 Nf6 4. d3 d6 5. h3 Bd7 6. O-O a6 7. Ba4 Nd4 8. Bxd7+
Qxd7 9. Bg5 O-O-O 10. c3 Nxf3+ 11. Qxf3 Qe6 12. Nd2 Be7 13. Nc4 h6 14. Bxf6
Bxf6 15. Ne3 Bg5 16. Qf5 Bxe3 17. Qxe6+ fxe6 18. fxe3 Rhf8 19. Rf3 Rxf3 20.
gxf3 Rf8 21. Kf2 g5 22. Rg1 c6 23. Rg4 b5 24. Kg3 Rg8 25. f4 h5 26. Rxg5 Rxg5+
27. fxg5 Kd8 28. Kh4 Ke8 29. Kxh5 Kf8 30. Kh6 Kg8 31. Kg6 d5 32. exd5 exd5 33.
e4 d4 34. cxd4 a5 35. dxe5 c5 36. e6 Kf8 37. h4 c4 38. dxc4 bxc4 39. Kf6 a4 40.
g6 a3 41. g7+ Kg8 42. e7 axb2 43. e8=Q+ Kh7 44. Qh8#  1-0

[Event "1. OEsterreichische Internet Schach Meisterschaft - Vorrunde 1"]
[Site "Online - Playchess.com"]
[Date ""]
[Round "3"]
[Board "61"]
[White "Morgunov, Marc"]
[Black "Wukits, Rene"]
[Result "0-1"]
[WhiteElo "2341"]
[BlackElo "2312"]
[PlyCount "108"]
[EventDate "2020.04.11"]
[EventRounds "9"]
[EventCountry "AUT"]

1. e4 c5 2. Nf3 d6 3. d3 Nc6 4. g3 Bg4 5. Bg2 Qd7 6. O-O Bh3 7. c3 Bxg2 8. Kxg2
Nf6 9. Re1 e5 10. d4 Be7 11. Bg5 Rd8 12. Bxf6 Bxf6 13. dxc5 dxc5 14. Qxd7+ Rxd7
15. Nbd2 Ke7 16. a4 Rhd8 17. Nc4 Ke6 18. Kf1 b6 19. Ke2 h6 20. Red1 Rxd1 21.
Rxd1 Rxd1 22. Kxd1 Bd8 23. Ke2 g6 24. Nfd2 f5 25. Kd3 a6 26. Nb3 Bc7 27. a5 b5
28. Nxc5+ Ke7 29. Ne3 Bxa5 30. Nxa6 fxe4+ 31. Kxe4 Kd6 32. Nd5 Nd8 33. h4 Ne6
34. Nab4 Nc5+ 35. Ke3 Na4 36. b3 Nxc3 37. Nxc3 Bxb4 38. Ne4+ Ke6 39. Kd3 Be7
40. Nc3 Bc5 41. Ne4 Bd4 42. f3 Bb2 43. g4 Bd4 44. Ng3 Bf2 45. Ne4 Bxh4 46. Kc3
Be7 47. Kd3 h5 48. gxh5 gxh5 49. Ng3 h4 50. Ne4 Kf5 51. Ke3 h3 52. Kf2 Kf4 53.
Nc3 Bc5+ 54. Kf1 Kxf3 {Zeit}  0-1

[Event "1. OEsterreichische Internet Schach Meisterschaft - Vorrunde 1"]
[Site "Online - Playchess.com"]
[Date ""]
[Round "3"]
[Board "62"]
[White "Stolzlechner, Thomas"]
[Black "Hechl, Gerald"]
[Result "0-1"]
[WhiteElo "2037"]
[BlackElo "2333"]
[PlyCount "58"]
[EventDate "2020.04.11"]
[EventRounds "9"]
[EventCountry "AUT"]

1. e4 d6 2. d4 Nf6 3. Nc3 Nbd7 4. Nf3 e5 5. Be2 Be7 6. O-O c6 7. h3 Qc7 8. Bg5
b5 9. a3 O-O 10. Bh4 a6 11. Bg3 Re8 12. Qd2 Bf8 13. Rad1 Bb7 14. Rfe1 Rad8 15.
Bf1 Nh5 16. Bh2 g6 17. d5 Nhf6 18. dxc6 Bxc6 19. Nd5 Bxd5 20. exd5 Rc8 21. c3
Nb6 22. Nxe5 Nbxd5 23. Nd3 Ne4 24. Qc2 Qa7 25. Nb4 Nxb4 26. axb4 f5 27. Bd3 d5
28. Bf4 Red8 29. Be3 Qf7 {Zeit}  0-1

[Event "1. OEsterreichische Internet Schach Meisterschaft - Vorrunde 1"]
[Site "Online - Playchess.com"]
[Date ""]
[Round "3"]
[Board "63"]
[White "Heinritz, Dietmar"]
[Black "Schroll, Gerhard"]
[Result "1-0"]
[WhiteElo "1887"]
[BlackElo "2321"]
[PlyCount "73"]
[EventDate "2020.04.11"]
[EventRounds "9"]
[EventCountry "AUT"]

1. d4 f5 2. e4 fxe4 3. Nc3 Nf6 4. Bg5 d5 5. Bxf6 exf6 6. Qh5+ g6 7. Qxd5 Qxd5
8. Nxd5 Bd6 9. Nxf6+ Kf7 10. Nxe4 Re8 11. Bd3 Nc6 12. c3 Bf5 13. f3 Be7 14.
O-O-O Kg7 15. Ng3 Be6 16. N1e2 Bxa2 17. Kc2 Bf7 18. b4 a5 19. b5 Nb8 20. c4 c5
21. d5 Nd7 22. Ne4 a4 23. N2c3 a3 24. Ra1 b6 25. Kb3 Ne5 26. Be2 g5 27. h3 Ng6
28. Rxa3 Rxa3+ 29. Kxa3 Nf4 30. Rg1 Bg6 31. Kb3 Bf6 32. Nxf6 Kxf6 33. Bd1 Re3
34. Bc2 Rxc3+ 35. Kxc3 Ne2+ 36. Kd2 Nxg1 37. Bxg6 {SchrollG gibt auf}  1-0